Представление документа в формате MARC21

Поле Инд. ПП Название Значение
Тип записи a
Библиографический уровень a
001 Контрольный номер 2478c434e0304eb49db3d60487f140e0
005 Дата корректировки 20160217140958.2
040 a Служба первич. каталог. НБ ТвГУ
b Код языка каталог. rus
e Правила каталог. PSBO
041 0_ a Код языка текста rus
097 b Оператор novikova
098 b Факультет Психологии и социальной работы
c Кафедра педагогики и социальной работы
100 1_ a Автор Темнова Ольга Николаевна
q Полное имя Темнова О. Н.
245 10 a Заглавие В поисках единицы измерения, или Окно в Рождество
260 a Место издания Москва
b Издательство Эврика
440 _0 a Серия Библиотека культурно-образовательных инициатив
520 0_ a Аннотация Рождество католическое и Рождество православное, Новый год и старый новый год. Что праздновать? Дети не выбирают. Но они живут в традиции: семейной, школьной, государственной. И поэтому содержание и глубина проживания каждого праздника зависят от того, на какой лад настроена вся жизнь ребенка.
653 0_ a Ключевые слова Рождество
a Ключевые слова Праздник
a Ключевые слова Дети
a Ключевые слова Школа
a Ключевые слова Детство
a Ключевые слова Единица измерения уклада
a Ключевые слова Хокку
a Ключевые слова Хайку
a Ключевые слова Труды Тверского государственного университета
a Ключевые слова Ребенок
a Ключевые слова Стихи
700 12 a Другие авторы Суворина Елена Александровна
q Полное имя Суворина Е. А.
773 18 w Контрольный № источника RU/IS/BASE/386697392
t Название источника Школа родной культуры, или Педагогика праздника
d Место и дата издания Москва : Эврика, 2005
g Прочая информация С. 81-84
901 t Тип документа a
920 a Оператор Нови